000 01833nam a2200433Ii 4500
001 DIGUNIMAG0157
003 NyNyDIG
008 230908s2023 ck a ob 000 0 spa d
006 m o d
007 cr |||||||||||
035 _a(OCoLC)1398180777
040 _aDGITA
_beng
_erda
_epn
_cDGITA
020 _a9789587466126
_qpdf
020 _a9789587466119
_qePub
020 _z9789587466102
_qimpreso
050 1 4 _aLB1072 ebook
100 1 _aChica Palma, Olga Cleosilda,
_eauthor.
245 1 0 _aEducación emocional y bienestar docente /
_cOlga Cleosilda Chica Palma, Jorge Oswaldo Sánchez Buitrago.
250 _aPrimera edición.
264 1 _aSanta Marta D.T.C.H., Colombia :
_bEditorial Unimagdalena,
_c[2023]
300 _a1 online resource :
_billustrations.
336 _atext
_btxt
_2rdacontent
337 _acomputer
_bc
_2rdamedia
338 _aonline resource
_bcr
_2rdacarrier
347 _atext file
_2rdaft
347 _bEPUB
490 1 _aColección Ciencias sociales, serie: Educación y pedagogía
504 _aIncludes bibliographical references.
588 0 _aOnline resource; title from ePub title page (Digitalia, viewed September 8, 2023)
650 0 _aAffective education.
700 1 _aSánchez Buitrago, Jorge Oswaldo,
_eauthor.
776 0 8 _iPrint version:
_aChica Palma, Olga Cleosilda.
_tEducación emocional y bienestar docente.
_bPrimera edición.
_dSanta Marta D.T.C.H., Colombia : Editorial Unimagdalena, [2023]
_z9789587466102
791 2 _aDigitalia (Firm),
_edistributor.
793 0 _gDigitalia eBook Collection:
_aEdiciones Unimagdalena
830 0 _aCiencias sociales (Editorial Unimagdalena).
_pSerie: Educación y pedagogía.
856 4 0 _3Digitalia Hispánica
_uhttps://www.digitaliapublishing.com/a/128687/
910 _aPremium collection: 2023
942 _cRAA
999 _c279740
_d279740